Store keeping and Stock Control (Record no. 2288)

MARC details
000 -LEADER
fixed length control field 02033cam a2200301Ia 4500
001 - CONTROL NUMBER
control field 5768915
003 - CONTROL NUMBER IDENTIFIER
control field OST
005 - DATE AND TIME OF LATEST TRANSACTION
control field 20240606080852.0
008 - FIXED-LENGTH DATA ELEMENTS--GENERAL INFORMATION
fixed length control field 060509s2006 nyua 001 0 eng d
020 ## - INTERNATIONAL STANDARD BOOK NUMBER
International Standard Book Number 0387332502
035 ## - SYSTEM CONTROL NUMBER
System control number (OCoLC)ocm68570808
035 ## - SYSTEM CONTROL NUMBER
System control number (NNC)5768915
040 ## - CATALOGING SOURCE
Original cataloging agency HBS
Transcribing agency MRUC
Modifying agency BAKER
-- OHX
-- OrLoB-B
050 ## - LIBRARY OF CONGRESS CALL NUMBER
Classification number TS160
Item number .S97 2011
100 1# - MAIN ENTRY--PERSONAL NAME
Personal name N.A SALEEMI
245 10 - TITLE STATEMENT
Title Store keeping and Stock Control
260 ## - PUBLICATION, DISTRIBUTION, ETC.
Place of publication, distribution, etc. nairobi
Name of publisher, distributor, etc. Savanns Bookshop Kenya
Date of publication, distribution, etc. c2011
300 ## - PHYSICAL DESCRIPTION
Extent xvi, 332 p. :
Other physical details ill. ;
Dimensions 24 cm.
490 1# - SERIES STATEMENT
Series statement International series in operations research & management science ;
Volume/sequential designation 90
500 ## - GENERAL NOTE
General note Includes index.
505 00 - FORMATTED CONTENTS NOTE
Miscellaneous information 1.
Title Introduction --
Miscellaneous information 2.
Title Forecasting --
Miscellaneous information 3.
Title Costs and concepts --
Miscellaneous information 4.
Title Single-echelon systems : deterministic lot sizing --
Miscellaneous information 5.
Title Single-echelon systems : reorder points --
Miscellaneous information 6.
Title Single-echelon systems : integration - optimality --
Miscellaneous information 7.
Title Coordinated ordering --
Miscellaneous information 8.
Title Multi-echelon systems : structures and ordering policies --
Miscellaneous information 9.
Title Multi-echelon systems : lot sizing --
Miscellaneous information 10.
Title Multi-echelon systems : reorder points --
Miscellaneous information 11.
Title Implementation.
520 1# - SUMMARY, ETC.
Summary, etc. "Inventory Control deals with a range of different approaches and models that can be used when developing inventory management systems and practices. The book's primary purpose is to serve as a core textbook in various university courses. In addition, it serves as a source book to industry practitioners to understand inventory control techniques and thereby simplify and promote implementation in practice. The second edition of Inventory Control, which has been extended by more than 50 percent, satisfies both these objectives. It incorporates several new topics, and there are eleven chapters compared to six in the previous version. The explanations of different results are more detailed, and a number of exercises have been added."--BOOK JACKET.
650 #0 - SUBJECT ADDED ENTRY--TOPICAL TERM
Topical term or geographic name entry element Inventory control.
650 #0 - SUBJECT ADDED ENTRY--TOPICAL TERM
Topical term or geographic name entry element Production planning.
900 ## - EQUIVALENCE OR CROSS-REFERENCE-PERSONAL NAME [LOCAL, CANADA]
Numeration TOC
942 ## - ADDED ENTRY ELEMENTS (KOHA)
Source of classification or shelving scheme Library of Congress Classification
Koha item type Books
948 1# - LOCAL PROCESSING INFORMATION (OCLC); SERIES PART DESIGNATOR (RLIN)
Series part designator, SPT (RLIN) 20060807
b (OCLC) c
c (OCLC) dc21
d (OCLC) MPS
Holdings
Withdrawn status Lost status Source of classification or shelving scheme Damaged status Not for loan Home library Current library Date acquired Total checkouts Full call number Barcode Date last seen Date last checked out Price effective from Koha item type
    Library of Congress Classification     Murang'a University of Technology Library Murang'a University of Technology Library 04/09/2015 3 SL TS160 .S97 2011 002367 30/08/2024 13/04/2019 04/09/2015 Short Loan Books